[Event "Challenge"]
[Site "http://www.queenalice.com/game.php?id=910897"]
[Date "2011.3.10"]
[Round "-"]
[White "Jose_antonio"]
[Black "APSHOOTER"]
[Result "1-0"]
[WhiteElo "1719"]
[BlackElo "1725"]

1. e4 d5 2. exd5 Qxd5 3. Nc3 Qd8 4. d4 h6 5. Nf3 Bg4 6. Bc4 Nc6 7. Be3 a6 8. h3
Bd7 9. a3 Nf6 10. b4 b5 11. d5 bxc4 12. dxc6 Bxc6 13. O-O Nd5 14. Nxd5 Bxd5 15.
Qe2 e6 16. Rad1 Bd6 17. Bd4 O-O 18. Ne5 Bxe5 19. Qxe5 Qd6 20. Qxg7# 1-0

[Event "Challenge"]
[Site "http://www.queenalice.com/game.php?id=912661"]
[Date "2011.3.14"]
[Round "-"]
[White "RafaelCabral"]
[Black "Jose_antonio"]
[Result "1-0"]
[WhiteElo "2116"]
[BlackElo "1751"]

1. e4 c5 2. Nf3 Nc6 3. Bb5 d6 4. O-O Bd7 5. Re1 a6 6. Bf1 Nf6 7. c3 Bg4 8. h3
Bh5 9. d3 e6 10. g4 Bg6 11. Nh4 Be7 12. f4 Nd7 13. Nf3 f5 14. exf5 exf5 15. Ng5
O-O 16. Ne6 Qb6 17. Nxf8 Rxf8 18. Bg2 fxg4 19. Bxc6 Bh4 20. Bxd7 Bxe1 21. Qxe1
gxh3 22. Bxh3 Re8 23. Qf2 Bxd3 24. Be3 d5 25. Bg2 Qg6 26. Nd2 d4 27. cxd4 cxd4
28. Re1 dxe3 29. Rxe3 Rf8 30. Qg3 Qxg3 31. Rxg3 Bg6 32. Bd5+ Kh8 33. Nf3 Rxf4
34. Ne5 Bh5 35. Rh3 Rf5 36. Re3 g6 37. Bxb7 Rg5+ 38. Kf2 Rf5+ 39. Kg3 a5 40. Bc8
Rf8 41. Bg4 Bxg4 42. Kxg4 Kg7 43. Ra3 Rf2 44. Nc4 Rc2 45. b3 h5+ 46. Kg3 Rc3+
47. Kg2 h4 48. Rxa5 Kh6 49. Nd6 Rc2+ 50. Kh3 Rf2 51. Kxh4 g5+ 52. Rxg5 Rh2+ 53.
Kg3 Rh1 54. Nf7+ Kh7 55. Nd6 Kh6 56. Rg4 Rg1+ 57. Kf3 Rf1+ 58. Ke3 Re1+ 59. Kd4
Kh5 60. Rg8 Rd1+ 61. Ke5 Re1+ 62. Kf6 Re2 63. Nf5 1-0

[Event "Challenge"]
[Site "http://www.queenalice.com/game.php?id=916574"]
[Date "2011.3.23"]
[Round "-"]
[White "Jose_antonio"]
[Black "eduardofelix"]
[Result "1-0"]
[WhiteElo "1766"]
[BlackElo "1737"]

1. e4 e5 2. Bc4 Nf6 3. d4 Bd6 4. Bg5 h6 5. Bxf6 Qxf6 6. Nf3 Qg6 7. O-O Qxe4 8.
Nc3 Qf4 9. Re1 O-O 10. Re4 Qf5 11. dxe5 Bb4 12. Re3 Nc6 13. Nd5 Bc5 14. Re2 Qg4
15. Nxc7 Rb8 16. Qd5 a6 17. Qxc5 b6 18. Qd6 b5 19. h3 Qf5 20. Bd5 b4 21. Bxc6
dxc6 22. Qxc6 Bb7 23. Nd4 Qg5 24. Nf3 Qxg2+ 25. Kxg2 Bxc6 26. Nxa6 Rb7 27. Re3
Rc8 28. a3 bxa3 29. bxa3 Bxf3+ 30. Rxf3 Rxc2 31. Re1 Rb6 32. Nb4 Rd2 33. Rc1 Rd8
34. Nc6 Rd7 35. Nb4 Rd8 36. Rc7 Rg6+ 37. Rg3 Rxg3+ 38. fxg3 Re8 39. a4 Ra8 40.
Nc6 Rxa4 41. Rc8+ Kh7 42. Rf8 Ra2+ 43. Kf3 Ra3+ 44. Ke4 Rxg3 45. Rxf7 Rxh3 46.
Ne7 Ra3 47. e6 Ra7 48. Nf5 Ra4+ 49. Nd4 h5 50. e7 1-0

[Event "Challenge"]
[Site "http://www.queenalice.com/game.php?id=917722"]
[Date "2011.3.26"]
[Round "-"]
[White "Jose_antonio"]
[Black "Esvir"]
[Result "1-0"]
[WhiteElo "1733"]
[BlackElo "1932"]

1. e4 e5 2. Bc4 Nf6 3. d3 d5 4. exd5 Nxd5 5. Nf3 Bg4 6. h3 Bxf3 7. Qxf3 c6 8.
Nc3 Nf6 9. Bg5 Be7 10. O-O O-O 11. Rad1 Qd4 12. Rfe1 h6 13. Bxf6 Bxf6 14. Re4
Qd6 15. Qe3 Nd7 16. Rg4 Bg5 17. Qe2 Nf6 18. Ne4 Nxe4 19. dxe4 Qe7 20. Rg3 b5 21.
Bb3 a5 22. a4 bxa4 23. Bxa4 c5 24. Rd7 Qe6 25. Rgd3 Qa2 26. Bb3 Qxb2 27. Qf3 Bf6
28. Qh5 g6 29. Qxg6+ Kh8 30. Qxf6+ Kh7 31. Rg3 1-0

[Event "Challenge"]
[Site "http://www.queenalice.com/game.php?id=921668"]
[Date "2011.4.4"]
[Round "-"]
[White "plot24"]
[Black "Jose_antonio"]
[Result "0-1"]
[WhiteElo "1817"]
[BlackElo "1713"]

1. e4 c5 2. a3 Nc6 3. d3 Nf6 4. Bd2 e6 5. c3 Qb6 6. b4 cxb4 7. axb4 d5 8. exd5
exd5 9. d4 Be7 10. Bd3 Bg4 11. Nf3 O-O 12. O-O Bd6 13. Be1 Qc7 14. g3 Bh3 15.
Na3 Bxf1 16. Kxf1 Rfe8 17. Nb5 Qd7 18. Nxd6 Qxd6 19. Ne5 Nxe5 20. dxe5 Rxe5 21.
c4 Rae8 22. Bd2 dxc4 23. Bxc4 Qc6 0-1

[Event "Challenge"]
[Site "http://www.queenalice.com/game.php?id=949710"]
[Date "2011.6.14"]
[Round "-"]
[White "Jose_antonio"]
[Black "carobrod"]
[Result "0-1"]
[WhiteElo "1768"]
[BlackElo "2131"]

1. c4 b6 2. Nc3 Bb7 3. d4 e6 4. e4 g6 5. Nf3 Bg7 6. Be2 d6 7. Qb3 Nd7 8. Bf4 Ne7
9. O-O O-O 10. d5 Nc5 11. Qc2 f5 12. exf5 Rxf5 13. b4 Rxf4 14. bxc5 exd5 15. Ng5
Bc8 16. Rad1 Nf5 17. Nxd5 Nd4 18. Qd2 Nxe2+ 19. Qxe2 Qxg5 20. Ne7+ Kf7 21. Nxc8
Rxc8 22. Rfe1 Be5 23. g3 Rf8 24. Kf1 Rf6 25. Rd5 Kg7 26. Kg1 Rxf2 27. Qe4 Qf6
28. Qd3 Rxa2 29. Kh1 Qf2 30. Rg1 Qxh2# 0-1

[Event "Challenge de Pretas"]
[Site "http://www.queenalice.com/game.php?id=949711"]
[Date "2011.6.14"]
[Round "-"]
[White "carobrod"]
[Black "Jose_antonio"]
[Result "1-0"]
[WhiteElo "2144"]
[BlackElo "1781"]

1. d4 Nf6 2. c4 g6 3. Nc3 Bg7 4. e4 c5 5. d5 d6 6. Nf3 O-O 7. Be2 e6 8. O-O Re8
9. Nd2 Na6 10. Re1 Nc7 11. Qc2 exd5 12. cxd5 Bg4 13. f3 Bd7 14. Nc4 Nb5 15. Nxb5
Bxb5 16. Nxd6 Qxd6 17. Bxb5 Nd7 18. Be3 b6 19. Rab1 Be5 20. f4 Bd4 21. Qd3 Bxe3+
22. Rxe3 Re7 23. e5 Nxe5 24. fxe5 Rxe5 25. Rxe5 Qxe5 26. Bc6 Rd8 27. Qf3 b5 28.
Rf1 f5 29. Qb3 a6 30. Qa3 b4 31. Qb3 Kg7 32. Qc2 Qd4+ 33. Kh1 Rf8 34. Re1 f4 35.
Re4 Qf6 36. Qf2 g5 37. Qe2 Qf5 38. Re7+ Kf6 39. Qe6+ Qxe6 40. Rxe6+ Kf7 41. Re5
Kf6 42. Re8 Rxe8 43. Bxe8 Ke5 44. Bc6 h5 45. Kg1 c4 46. Kf2 g4 47. h3 b3 48.
axb3 cxb3 49. Be8 Kxd5 50. Bxh5 g3+ 51. Kf3 Kc5 52. h4 a5 53. Bf7 a4 54. h5 a3
55. bxa3 b2 56. Bg6 b1=Q 57. Bxb1 1-0

[Event "Challenge"]
[Site "http://www.queenalice.com/game.php?id=952813"]
[Date "2011.6.22"]
[Round "-"]
[White "Jose_antonio"]
[Black "RafaelCabral"]
[Result "0-1"]
[WhiteElo "1749"]
[BlackElo "2148"]

1. e4 c5 2. Bc4 Nc6 3. Nf3 e6 4. c3 a6 5. d4 cxd4 6. cxd4 d5 7. exd5 exd5 8. Be2
Bd6 9. O-O Nge7 10. Nc3 O-O 11. Bg5 f6 12. Be3 b5 13. Qc2 Bf5 14. Bd3 Nb4 15.
Qb3 Bxd3 16. Rfd1 Bc2 17. Qxc2 Nxc2 18. Rac1 Nxe3 19. fxe3 Rc8 20. Re1 b4 21.
Ne2 Nf5 22. Rcd1 Nxe3 23. Rd3 Re8 24. Nc1 Rc2 25. Rdxe3 Rxe3 0-1

[Event "Challenge"]
[Site "http://www.queenalice.com/game.php?id=971793"]
[Date "2011.8.12"]
[Round "-"]
[White "RafaelCabral"]
[Black "Jose_antonio"]
[Result "1-0"]
[WhiteElo "2121"]
[BlackElo "1779"]

1. e4 c6 2. d4 d5 3. Nc3 dxe4 4. Nxe4 Bf5 5. Ng3 Bg6 6. h4 h6 7. Nf3 Nd7 8. Bc4
Qb6 9. h5 Bh7 10. c3 e6 11. Qe2 c5 12. Be3 a6 13. O-O Ngf6 14. a4 Bd6 15. b4
Bxg3 16. dxc5 Qc7 17. fxg3 O-O 18. Bf4 Qc8 19. Ne5 Nxe5 20. Bxe5 Ne8 21. Rf4 Qd8
22. Raf1 f6 23. Bxe6+ Kh8 24. Rd4 Qe7 25. Bd6 Nxd6 26. cxd6 Qe8 27. Qa2 Qxh5 28.
Bd5 Rac8 29. Bxb7 Rxc3 30. d7 Rd8 31. Bxa6 Qg5 32. Qe2 Re3 33. Qf2 Rxg3 34. Re1
Bg6 35. Bb5 Kh7 36. Rc4 f5 37. Rc8 f4 38. Rxd8 Bf5 39. Rf8 f3 40. Bf1 fxg2 41.
Qxf5+ Qxf5 42. Rxf5 gxf1=Q+ 43. Kxf1 1-0

[Event "Challenge"]
[Site "http://www.queenalice.com/game.php?id=982453"]
[Date "2011.9.7"]
[Round "-"]
[White "albemo"]
[Black "Jose_antonio"]
[Result "0-1"]
[WhiteElo "1884"]
[BlackElo "1747"]

1. f4 c5 2. Nf3 Nc6 3. e3 e6 4. Be2 d6 5. O-O Nf6 6. d4 cxd4 7. exd4 Be7 8. Nc3
O-O 9. a3 a6 10. h3 Re8 11. Bd3 Qc7 12. Bd2 e5 13. fxe5 dxe5 14. dxe5 Nxe5 15.
Nxe5 Qxe5 16. Qf3 Bd7 17. Rae1 Bc5+ 18. Kh1 Qc7 19. Rxe8+ Rxe8 20. Bg5 Bc6 21.
Qf5 Re5 22. Qf4 Nh5 23. Qg4 Rxg5 0-1

[Event "FINAL"]
[Site "http://www.queenalice.com/game.php?id=992824"]
[Date "2011.10.3"]
[Round "-"]
[White "eduardofelix"]
[Black "Jose_antonio"]
[Result "1/2-1/2"]
[WhiteElo "1731"]
[BlackElo "1779"]

1. e4 c5 2. Bc4 e6 3. Nf3 Nc6 4. d4 d5 5. exd5 exd5 6. Bb5 Bg4 7. c3 Ne7 8. h3
Bh5 9. dxc5 a6 10. Bxc6+ bxc6 11. O-O Bxf3 12. Qxf3 g6 13. Na3 Bg7 14. Bg5 O-O
15. Rfe1 f6 16. Bf4 Nf5 17. Nc2 a5 18. Nd4 Nxd4 19. cxd4 Qc8 20. Bd6 Re8 21. Bf4
Qa6 22. b3 a4 23. bxa4 Qxa4 24. Rxe8+ Rxe8 25. Qc3 Re4 26. Be3 f5 27. f3 Bxd4
28. Bxd4 Rxd4 29. Qc1 Rc4 30. Qe3 Rc2 31. a3 Qc4 32. Qe8+ Kg7 33. Qe7+ Kh6 34.
Qe3+ Kg7 35. Qe7+ Kh6 36. Qe3+ Kg7 37. Qe7+ 1/2-1/2

[Event "Challenge"]
[Site "http://www.queenalice.com/game.php?id=995438"]
[Date "2011.10.9"]
[Round "-"]
[White "Jose_antonio"]
[Black "albemo"]
[Result "0-1"]
[WhiteElo "1777"]
[BlackElo "1891"]

1. c4 c5 2. Nf3 Nf6 3. d4 cxd4 4. Nxd4 e6 5. Nc3 d5 6. cxd5 Nxd5 7. Bd2 Bc5 8.
Nb3 Nc6 9. Nxc5 O-O 10. e4 Nxc3 11. Bxc3 Qg5 12. Nd3 b6 13. Bd2 Qg6 14. Nf4
Qxe4+ 15. Qe2 Qf5 16. Rc1 Bb7 17. g3 Nd4 18. Qd1 Qe4+ 19. Be3 Qxh1 20. Qxd4 Rad8
21. Qe5 Ba6 22. Ne2 Rd5 23. Qf4 Bb7 24. f3 Rf5 25. Qh4 Rxf3 26. Bf2 Rf6 27. Ng1
Rh6 28. Qe7 Qe4+ 29. Be2 Ba6 30. Qa3 Bxe2 31. Nxe2 Rxh2 0-1

[Event "Mais duas(1)? "]
[Site "http://www.queenalice.com/game.php?id=996252"]
[Date "2011.10.12"]
[Round "-"]
[White "carobrod"]
[Black "Jose_antonio"]
[Result "1-0"]
[WhiteElo "2115"]
[BlackElo "1780"]

1. d4 Nf6 2. c4 g6 3. Nc3 Bg7 4. e4 d6 5. Nf3 O-O 6. Be2 e5 7. O-O Nc6 8. d5 Nd7
9. dxc6 bxc6 10. Be3 Bb7 11. Qc2 Qe7 12. Rad1 Nf6 13. Qc1 d5 14. exd5 e4 15. Nd4
cxd5 16. cxd5 a6 17. Nc6 Qd7 18. Na5 Bxd5 19. Nxd5 Nxd5 20. Qc5 c6 21. Bc4 Rac8
22. Bxa6 Rc7 23. Bf4 Ra7 24. Bc4 Qg4 25. Bd6 Rfa8 26. Nxc6 Ra4 27. Rxd5 e3 28.
Ne7+ Kh8 29. Bb3 R4a5 30. Qxe3 R5a6 31. Be5 Re6 32. Bxg7+ Kxg7 33. Qc3+ 1-0

[Event "Mais duas(2)? "]
[Site "http://www.queenalice.com/game.php?id=996253"]
[Date "2011.10.12"]
[Round "-"]
[White "Jose_antonio"]
[Black "carobrod"]
[Result "1/2-1/2"]
[WhiteElo "1766"]
[BlackElo "2126"]

1. c4 b6 2. Nc3 Bb7 3. e4 e6 4. Nf3 d6 5. d4 Nd7 6. Be2 g6 7. O-O Bg7 8. Qc2 Ne7
9. Bg5 h6 10. Bxe7 Qxe7 11. d5 e5 12. Nb5 Qd8 13. Nd2 O-O 14. f4 a6 15. Nc3 Qh4
16. Nf3 Qxf4 17. Nd1 a5 18. Nf2 Nc5 19. Nd2 Qg5 20. b3 Bc8 21. Nf3 Qe7 22. a3
Bd7 23. Nd2 Qg5 24. Nf3 Qe3 25. Bd1 Qf4 1/2-1/2

[Event "Challenge"]
[Site "http://www.queenalice.com/game.php?id=1008701"]
[Date "2011.11.15"]
[Round "-"]
[White "Narciso"]
[Black "Jose_antonio"]
[Result "0-1"]
[WhiteElo "1371"]
[BlackElo "1777"]

1. d4 Nf6 2. Bg5 e6 3. Qd3 Be7 4. Nh3 Nc6 5. Nc3 d6 6. e4 h6 7. Bh4 Nxe4 8. Qxe4
Bxh4 9. g3 Bg5 10. Bb5 Bd7 11. O-O O-O 12. Rad1 Bf6 13. Bd3 g6 14. f4 d5 15. Qe3
Bxd4 16. Qxd4 Nxd4 0-1

[Event "Challenge"]
[Site "http://www.queenalice.com/game.php?id=1024207"]
[Date "2012.2.1"]
[Round "-"]
[White "Jose_antonio"]
[Black "carobrod"]
[Result "0-1"]
[WhiteElo "1764"]
[BlackElo "2107"]

1. e4 c5 2. Bc4 e6 3. Nf3 Nc6 4. c3 d5 5. exd5 exd5 6. Qe2+ Be7 7. Bb5 Nf6 8. h3
Bd7 9. d3 O-O 10. O-O Re8 11. Be3 Bd6 12. Qc2 Ne5 13. Bxd7 Nxf3+ 14. Kh1 Qxd7
15. Nd2 Nh4 16. f4 Rxe3 17. Rf2 Rae8 18. Kh2 Nxg2 19. Nf3 Nxf4 20. d4 Ne2+ 21.
Kg2 Nf4+ 22. Kf1 Qxh3+ 0-1

[Event "Challenge"]
[Site "http://www.queenalice.com/game.php?id=1024208"]
[Date "2012.2.1"]
[Round "-"]
[White "carobrod"]
[Black "Jose_antonio"]
[Result "1-0"]
[WhiteElo "2109"]
[BlackElo "1747"]

1. d4 d6 2. e4 Nf6 3. Nc3 c6 4. f4 g6 5. Nf3 Bg4 6. h3 Bxf3 7. Qxf3 Bg7 8. Be3
Qa5 9. Bd3 Nbd7 10. O-O O-O 11. e5 dxe5 12. fxe5 Nd5 13. Nxd5 cxd5 14. c4 f6 15.
b4 Qc7 16. Qxd5+ Kh8 17. e6 Nb6 18. Qc5 Qd8 19. Qa5 f5 20. Rad1 Bxd4 21. Rf3 f4
22. Bf2 Bxf2+ 23. Rxf2 Qd4 24. Be2 Qe3 25. c5 Rf5 26. Kf1 Qxe6 27. Bg4 Qc4+ 28.
Kg1 Rg5 29. Rfd2 Nd5 30. Be6 Qxb4 31. Qxb4 Nxb4 32. Rc1 f3 33. Kh2 fxg2 34. Rxg2
Rxg2+ 35. Kxg2 Nc6 36. Rb1 Kg7 37. Rxb7 Kf6 38. Bd7 Ne5 39. Ba4 Rc8 40. Rxa7
Rxc5 41. Ra6+ Kg5 42. Re6 Ra5 43. Bb3 Ra7 44. Rxe5+ Kf6 45. Re6+ Kg5 46. Kg3 Kh6
47. Kg4 Kg7 48. Re5 Kh6 49. Rc5 Rd7 50. Rd5 Rc7 51. Re5 Rd7 52. a4 Kg7 53. Re4
Kf6 54. h4 h5+ 55. Kf4 Ra7 56. Re6+ Kg7 57. Re4 Kf6 58. Bd5 Ra6 59. Rb4 e6 60.
Bc4 Rd6 61. Bb5 Rd1 62. a5 Ra1 63. a6 Ra5 64. Bd3 Ra3 65. Ke3 Ra5 66. Rb7 1-0

[Event "Challenge"]
[Site "http://www.queenalice.com/game.php?id=1025597"]
[Date "2012.2.3"]
[Round "-"]
[White "Jose_antonio"]
[Black "plot24"]
[Result "0-1"]
[WhiteElo "1777"]
[BlackElo "1855"]

1. e4 e5 2. Bc4 Nc6 3. d3 d6 4. Bxf7+ Kxf7 5. Qf3+ Nf6 6. Bg5 Nd4 7. Qd1 Be7 8.
c3 Ne6 9. Bxf6 Bxf6 10. Qh5+ g6 11. Qh6 Nf4 12. Nh3 Nxh3 13. Qe3 Nf4 14. O-O Kg7
15. g3 Nh5 16. Nd2 Bg4 17. d4 Bg5 18. Qd3 Rf8 19. Nc4 Qd7 20. f3 Be6 21. Rad1 b5
22. Na5 exd4 23. Qxd4+ Bf6 24. Qe3 Kg8 25. b3 c5 26. f4 Rac8 27. f5 Bxc3 28.
fxe6 Qxe6 29. Qxc3 c4 30. Rxf8+ Rxf8 31. Nc6 Qxe4 32. Nxa7 Qb7 0-1

[Event "Challenge"]
[Site "http://www.queenalice.com/game.php?id=1026383"]
[Date "2012.2.5"]
[Round "-"]
[White "eduardofelix"]
[Black "Jose_antonio"]
[Result "1/2-1/2"]
[WhiteElo "1876"]
[BlackElo "1742"]

1. e4 c5 2. Bc4 Nc6 3. Nf3 e6 4. Nc3 a6 5. O-O b5 6. Be2 Qc7 7. a3 Nf6 8. d3 d5
9. Bg5 Be7 10. exd5 exd5 11. Bxf6 Bxf6 12. Nxd5 Qd8 13. Nxf6+ Qxf6 14. c3 Be6
15. a4 O-O 16. a5 Rfd8 17. h3 Bxh3 18. Nh2 Bf5 19. Ng4 Qg6 20. f3 Bxd3 21. Bxd3
Rxd3 22. Qc2 Qd6 23. Rfd1 c4 24. Rxd3 cxd3 25. Qd2 Rd8 26. Qg5 Nxa5 27. b4 h6
28. Qd2 Nc4 29. Qa2 d2 30. Nf2 Ne3 31. Nd1 Nxg2 32. Kxg2 Qg6+ 33. Kf2 Rd3 34.
Qxa6 Qf5 35. Qa8+ Kh7 36. Qe4 Qxe4 37. fxe4 Rh3 38. Ke2 Rh4 39. Nf2 Rh2 40. Rd1
g5 41. Rxd2 g4 42. Rd3 h5 43. Rg3 Kh6 44. Ke3 Kg5 45. e5 Kh4 46. Ne4 Rh1 47. Kf2
Rh2+ 48. Rg2 Rh3 49. Rg3 Rh2+ 50. Rg2 Rh3 51. Rg3 Rh2+ 1/2-1/2

[Event "OS INCLIVEIS"]
[Site "http://www.queenalice.com/game.php?id=1069242"]
[Date "2012.6.7"]
[Round "-"]
[White "adelio"]
[Black "Jose_antonio"]
[Result "1-0"]
[WhiteElo "1657"]
[BlackElo "1762"]

1. b3 d5 2. Bb2 c5 3. g3 Nc6 4. Bg2 Nf6 5. Bxf6 exf6 6. c3 Be7 7. a3 Bd7 8. Ra2
O-O 9. Bxd5 Qb6 10. h3 Rad8 11. e4 Rfe8 12. Qh5 1-0